000
00411nam a2200145Ia 4500
008
100204s9999 xx 000 0 und d
082
_b
12878
100
_a
वैद्य सुरेश
245
_a
साहजिक
260
_b
"अर्चना प्रकासन, पुणे"
_c
1990
300
_a
186
630
_a
साहजिक
730
_a
साहजिक
942
_c
BOOK
999
_c
457310
_d
457307